000 00227nam a2200097Ia 4500
008 190216s9999||||xx |||||||||||||| ||und||
100 _aSinha H C
245 0 _aTheory And Problems On Dynamics Of A
260 _bNull
942 _cBK
999 _c32783
_d32783